Sú akcie mŕtve? Ako investovať do akcií v čase krízy?
Pád hodnoty akcií. Dĺžka trvania poklesu indexov na akciových trhoch. Situácia s akciami. Načasovanie investície. Spôsob investovania v čase krízy.
Na minha lista:
| Autor principal: | |
|---|---|
| Formato: | Capítulo de Livro |
| Idioma: | eslovaco |
| Assuntos: | |
| Tags: |
Sem tags, seja o primeiro a adicionar uma tag!
|
MARC
| LEADER | 00000naa$a2200000$$$4500 | ||
|---|---|---|---|
| 001 | 0093597 | ||
| 005 | 20231019090659.4 | ||
| 041 | 0 | |a slo | |
| 044 | |a SK | ||
| 245 | 1 | 0 | |a Sú akcie mŕtve? Ako investovať do akcií v čase krízy? |c Vladimír Baláž |
| 520 | |a Pád hodnoty akcií. Dĺžka trvania poklesu indexov na akciových trhoch. Situácia s akciami. Načasovanie investície. Spôsob investovania v čase krízy. | ||
| 610 | 2 | 0 | |a akcie |
| 610 | 2 | 0 | |a investície |
| 610 | 2 | 0 | |a kríza |
| 610 | 2 | 0 | |a trhy |
| 100 | 1 | |a Baláž, Vladimír | |